000 00489nam a2200181Ia 4500
005 20250317123141.0
008 008 250317s9999 xx 000 0 eng d
037 _aTextbook
040 _aFMSL
_beng
_cFMSL
041 _aeng
_2eng
084 _aB2893P N3
_qFMSL
100 _aEinfuhrung E
_9740069
245 0 _aBranch and bound
260 _aLondon
_bLondon, Springer
_c1973
300 _a174p
942 _cTB
_hB2893P N3
999 _c1250079
_d1250079